| 000 | 00000nam##2200000za#4500 |
| 001 | 9.578513 |
| 003 | CaOODSP |
| 005 | 20210624190125 |
| 007 | cr ||||||||||| |
| 008 | 150406|1987||||xxc|||||o f|0| 0 eng|d |
| 022 | |a1488-5379 |
| 040 | |aCaOODSP|beng |
| 043 | |an-cn--- |
| 086 | 1 |aFs97-6/1556E-PDF |
| 110 | 1 |aCanada. |bDepartment of Fisheries and Oceans. |
| 245 | 10|aEnvironmental effects on recruitment to Canadian Atlantic fish stocks / |h[electronic resource]|cR. Ian Perry and Ken T. Frank (Editors) |
| 260 | |aSt. Andrews - New Brunswick : |bFisheries and Oceans Canada |c1987. |
| 300 | |a71p.|bfigs., references, tables |
| 490 | 1 |aCanadian technical report of fisheries and aquatic sciences|x1488-5379|vNo. 1556 |
| 500 | |aOn t.p.: Biological Station, St. Andrews, New Brunswick. The catalogue number and ISSN for the print edition appear in the PDF version. |
| 546 | |a(Résumé en français) |
| 590 | |a14-02-Supp|b2014-01-08 |
| 720 | 1 |aPerry, R. Ian |
| 720 | 1 |aFrank, Ken T. |
| 830 | #0|aCanadian technical report of fisheries and aquatic sciences,|x1488-5379|vNo. 1556|w(CaOODSP)9.504449 |
| 856 | 40|ahttp://publications.gc.ca|qPDF|s3958 KB|uhttps://publications.gc.ca/collections/collection_2014/mpo-dfo/Fs97-6-1556-eng.pdf|yNo. 1556 |